[Event "Reykjavik op"]
[Site "Reykjavik"]
[Date "2018.03.07"]
[Round "3"]
[White "Ragnarsson, Dagur"]
[Black "Murray, Michael A"]
[Result "1-0"]
[WhiteElo "2236"]
[BlackElo "1975"]
[PlyCount "131"]
[EventDate "2018.03.06"]
[EventType "swiss"]
[EventRounds "9"]
[EventCountry "ISL"]
[SourceTitle "CBM 183 Extra"]
[Source "ChessBase"]
[SourceDate "2018.04.19"]
[SourceVersion "1"]
[SourceVersionDate "2018.04.19"]
[SourceQuality "1"]

1. d4 Nc6 2. d5 Ne5 3. e4 e6 4. dxe6 fxe6 5. Nc3 b6 6. Nf3 Nxf3+ 7. Qxf3 Qf6 8. Qg3 d6 9. Bd2 Bb7 10. 0-0-0 Be7 11. f4 0-0-0 12. Bd3 Kb8 13. Rde1 Nh6 14. e5 Qf7 15. exd6 Bxd6 16. Rhf1 Nf5 17. Qh3 h5 18. Ne4 Be7 19. g3 g6 20. Bc3 Rhe8 21. Rg1 e5 22. Kb1 exf4 23. gxf4 Bc5 24. Nxc5 bxc5 25. Be5 c4 26. Be4 Bxe4 27. Rxe4 Qd5 28. Ree1 Nd4 29. Ref1 Ne2 30. Rh1 Qd2 31. Qa3 Rd5 32. Qa4 Red8 33. a3 c3 34. Ka2 cxb2 35. Qc6 Nd4 36. Qxc7+ Ka8 37. Bxd4 Qxd4 38. Qc6+ Kb8 39. Rf3 a6 40. Qxa6 Kc7 41. Rb3 Rb8 42. Rxb8 Kxb8 43. Rb1 Rd6 44. Qb5+ Rb6 45. Qe5+ Qxe5 46. fxe5 Re6 47. Re1 g5 48. Kxb2 g4 49. Kc3 Kc7 50. Kd4 Kd7 51. Rf1 Ra6 52. Rf7+ Ke8 53. Rh7 Rxa3 54. Rxh5 g3 55. hxg3 Rxg3 56. Rh7 Rg6 57. c4 Kd8 58. Kd5 Ke8 59. c5 Kd8 60. c6 Kc8 61. e6 Rg1 62. e7 Rd1+ 63. Ke6 Re1+ 64. Kf7 Rf1+ 65. Kg8 Re1 66. Kf8 1-0

[Event "Reykjavik op"]
[Site "Reykjavik"]
[Date "2016.03.12"]
[Round "6"]
[White "Bottema, Martin"]
[Black "Murray, Michael A"]
[Result "1-0"]
[WhiteElo "2091"]
[BlackElo "1938"]
[PlyCount "105"]
[EventDate "2016.03.08"]
[EventType "swiss"]
[EventRounds "10"]
[EventCountry "ISL"]
[SourceTitle "CBM 171 Extra"]
[Source "ChessBase"]
[SourceDate "2016.04.26"]
[SourceVersion "1"]
[SourceVersionDate "2016.04.26"]
[SourceQuality "1"]

1. d4 Nf6 2. c4 Nc6 3. Nf3 d6 4. Nc3 e5 5. d5 Ne7 6. h4 a5 7. Bg5 Neg8 8. e4 h6 9. Bd2 Nd7 10. Be2 Nc5 11. Be3 b6 12. Nd2 Be7 13. g3 Bd7 14. Qc2 Nf6 15. f3 Nh5 16. Bf2 g6 17. 0-0-0 Ng7 18. f4 Bf6 19. Nf3 Qe7 20. fxe5 Bxe5 21. Nxe5 dxe5 22. g4 Qd6 23. Be3 0-0-0 24. Rdf1 Rdf8 25. Qd2 h5 26. g5 Ne8 27. Bd3 Kb7 28. Rhg1 Rhg8 29. Kb1 Rg7 30. Rf2 Na6 31. Bc2 Nc5 32. Rgf1 Rh7 33. a3 Na6 34. Ba4 Bxa4 35. Nxa4 Qd7 36. Qc2 Nd6 37. c5 bxc5 38. Nxc5+ Nxc5 39. Qxc5 Ra8 40. Qc2 Ra6 41. Bc5 Rg7 42. Bxd6 cxd6 43. Rf3 Ra7 44. Rb3+ Ka8 45. Rb6 Rc7 46. Rc6 Rxc6 47. dxc6 Qc7 48. Qc4 Ka7 49. Rf3 f5 50. gxf6 Rf7 51. Rb3 Rxf6 52. Rb7+ Qxb7 53. cxb7 1-0

[Event "Reykjavik op"]
[Site "Reykjavik"]
[Date "2016.03.11"]
[Round "5"]
[White "Sigurvaldason, Hjalmar"]
[Black "Murray, Michael A"]
[Result "0-1"]
[WhiteElo "1426"]
[BlackElo "1938"]
[PlyCount "38"]
[EventDate "2016.03.08"]
[EventType "swiss"]
[EventRounds "10"]
[EventCountry "ISL"]
[SourceTitle "CBM 171 Extra"]
[Source "ChessBase"]
[SourceDate "2016.04.26"]
[SourceVersion "1"]
[SourceVersionDate "2016.04.26"]
[SourceQuality "1"]

1. d4 g6 2. e3 Bg7 3. b3 d6 4. Bd3 Nc6 5. a3 f5 6. Bb2 e5 7. Ne2 Nh6 8. 0-0 0-0 9. c4 Qh4 10. Nd2 e4 11. Bc2 Ng4 12. h3 Nf6 13. Kh2 Qh6 14. g3 g5 15. Kg2 f4 16. Ng1 f3+ 17. Kh2 Bxh3 18. Nxh3 Ng4+ 19. Kg1 Qxh3 0-1

[Event "Reykjavik op"]
[Site "Reykjavik"]
[Date "2014.03.12"]
[Round "10"]
[White "Murray, Michael A"]
[Black "Leosson, Atli Johann"]
[Result "1-0"]
[WhiteElo "2004"]
[BlackElo "1759"]
[PlyCount "75"]
[EventDate "2014.03.04"]
[EventType "swiss"]
[EventRounds "10"]
[EventCountry "ISL"]
[SourceTitle "CBM 159 Extra"]
[Source "ChessBase"]
[SourceDate "2014.04.24"]
[SourceVersion "1"]
[SourceVersionDate "2014.04.24"]
[SourceQuality "1"]

1. e4 e5 2. Nc3 Nc6 3. Nf3 Nf6 4. g3 g6 5. Bg2 Bg7 6. d3 d6 7. h3 h6 8. 0-0 Be6 9. d4 exd4 10. Nxd4 Nxd4 11. Qxd4 0-0 12. Qd3 Qd7 13. g4 Nh7 14. f4 f5 15. exf5 gxf5 16. g5 Qf7 17. Qg3 hxg5 18. fxg5 Be5 19. Bf4 Bxf4 20. Rxf4 Qg6 21. Re1 Rae8 22. h4 Nf6 23. Qd3 Nh5 24. Rf2 Kh7 25. Bxb7 Nf6 26. Bc6 Re7 27. Rfe2 Ng4 28. Nd5 Bxd5 29. Rxe7+ Bf7 30. Bd5 Ne5 31. Qb3 Kg8 32. Rxc7 Qh5 33. Bxf7+ Rxf7 34. Rxf7 Qg4+ 35. Kf1 Qf4+ 36. Kg2 Nxf7 37. g6 Qg4+ 38. Qg3 1-0

[Event "Reykjavik op"]
[Site "Reykjavik"]
[Date "2014.03.08"]
[Round "6"]
[White "Murray, Michael A"]
[Black "Schou Moldt, Thomas"]
[Result "0-1"]
[WhiteElo "2004"]
[BlackElo "2191"]
[PlyCount "66"]
[EventDate "2014.03.04"]
[EventType "swiss"]
[EventRounds "10"]
[EventCountry "ISL"]
[SourceTitle "CBM 159 Extra"]
[Source "ChessBase"]
[SourceDate "2014.04.24"]
[SourceVersion "1"]
[SourceVersionDate "2014.04.24"]
[SourceQuality "1"]

1. e4 g6 2. Nc3 c6 3. f4 d5 4. d3 Bg7 5. e5 d4 6. Ne4 f6 7. exf6 exf6 8. Nf3 Ne7 9. Be2 c5 10. 0-0 b6 11. c3 f5 12. Neg5 h6 13. Nh3 dxc3 14. Qc2 cxb2 15. Bxb2 0-0 16. Bxg7 Kxg7 17. Qb2+ Rf6 18. d4 Nbc6 19. Rad1 Qd6 20. dxc5 Qxc5+ 21. Kh1 Nd5 22. Rc1 Qb4 23. Qa1 Bb7 24. Rfd1 Rd8 25. Nhg5 Rdd6 26. Rc4 Qa5 27. Ne5 Kg8 28. Ngf3 Ne3 29. Rxd6 Rxd6 30. Nxc6 Bxc6 31. Rxc6 Rxc6 32. Qd4 Rc1+ 33. Ng1 Rxg1+ 0-1

[Event "Reykjavik op"]
[Site "Reykjavik"]
[Date "2014.03.07"]
[Round "5"]
[White "Ontiveros, John"]
[Black "Murray, Michael A"]
[Result "0-1"]
[WhiteElo "1710"]
[BlackElo "2004"]
[PlyCount "77"]
[EventDate "2014.03.04"]
[EventType "swiss"]
[EventRounds "10"]
[EventCountry "ISL"]
[SourceTitle "CBM 159 Extra"]
[Source "ChessBase"]
[SourceDate "2014.04.24"]
[SourceVersion "1"]
[SourceVersionDate "2014.04.24"]
[SourceQuality "1"]

1. d4 Nc6 2. c4 e5 3. d5 Nce7 4. Nc3 Ng6 5. e4 Bc5 6. Bd3 Nf6 7. Nge2 Ng4 8. Nd4 exd4 9. Qxg4 dxc3 10. bxc3 d6 11. Qe2 Qh4 12. g3 Qf6 13. Bd2 h5 14. f4 Bg4 15. Qf1 Ba3 16. h3 Bd7 17. Rb1 b6 18. f5 Ne5 19. Be2 Bc5 20. h4 Qe7 21. Bg5 f6 22. Bd2 0-0-0 23. a4 a5 24. Bd1 Rde8 25. Bc2 Ng4 26. Kd1 Nf2+ 27. Kc1 Ba3+ 28. Rb2 Bxb2+ 29. Kxb2 Nxh1 30. c5 dxc5 31. Qa6+ Kd8 32. Bf4 Bc8 33. Qa7 Qd7 34. Bd3 Re5 35. Bb5 Qd6 36. Qb8 Ke7 37. Ba6 Nf2 38. Bxe5 fxe5 39. Bxc8 0-1

[Event "Reykjavik op"]
[Site "Reykjavik"]
[Date "2014.03.05"]
[Round "2"]
[White "Murray, Michael A"]
[Black "Hisnay, Gregory"]
[Result "1/2-1/2"]
[WhiteElo "2004"]
[BlackElo "1705"]
[PlyCount "48"]
[EventDate "2014.03.04"]
[EventType "swiss"]
[EventRounds "10"]
[EventCountry "ISL"]
[SourceTitle "CBM 159 Extra"]
[Source "ChessBase"]
[SourceDate "2014.04.24"]
[SourceVersion "1"]
[SourceVersionDate "2014.04.24"]
[SourceQuality "1"]

1. e4 d5 2. Nc3 dxe4 3. Nxe4 Nf6 4. Ng3 e6 5. Nf3 Be7 6. b3 c5 7. Bb2 Nc6 8. Be2 0-0 9. 0-0 Qc7 10. Re1 e5 11. Bb5 Nd4 12. Be2 Bd6 13. Nxd4 exd4 14. c3 dxc3 15. dxc3 Be6 16. c4 Ne8 17. Bd3 g6 18. Qd2 Ng7 19. Rad1 Rad8 20. Qc3 f6 21. Bb1 Be5 22. Qc1 Bxb2 23. Qxb2 f5 24. Bc2 Bf7 1/2-1/2

[Event "Reykjavik op"]
[Site "Reykjavik"]
[Date "2014.03.05"]
[Round "3"]
[White "Steingrimsson, Karl Egill"]
[Black "Murray, Michael A"]
[Result "0-1"]
[WhiteElo "1663"]
[BlackElo "2004"]
[PlyCount "56"]
[EventDate "2014.03.04"]
[EventType "swiss"]
[EventRounds "10"]
[EventCountry "ISL"]
[SourceTitle "CBM 159 Extra"]
[Source "ChessBase"]
[SourceDate "2014.04.24"]
[SourceVersion "1"]
[SourceVersionDate "2014.04.24"]
[SourceQuality "1"]

1. e4 Nc6 2. Nf3 e6 3. d4 d5 4. e5 f6 5. c3 fxe5 6. dxe5 Bc5 7. Bb5 Nge7 8. Bg5 0-0 9. 0-0 Bd7 10. Bh4 Nxe5 11. Nxe5 Bxb5 12. Re1 Qe8 13. b4 Bd6 14. a4 Bd7 15. Nd2 Ng6 16. Nxd7 Qxd7 17. Bg3 Bxg3 18. hxg3 e5 19. Nf3 Rfe8 20. Qb3 c6 21. Rad1 Qf7 22. Re2 e4 23. Nd4 Ne5 24. Qc2 Qh5 25. f3 exf3 26. gxf3 Nxf3+ 27. Nxf3 Qxf3 28. Rg2 Qe3+ 0-1

[Event "Reykjavik op"]
[Site "Reykjavik"]
[Date "2013.02.24"]
[Round "7"]
[White "Murray, Michael A"]
[Black "Kolka, Dawid"]
[Result "1-0"]
[WhiteElo "2017"]
[BlackElo "1646"]
[PlyCount "59"]
[EventDate "2013.02.19"]
[EventType "swiss"]
[EventRounds "10"]
[EventCountry "ISL"]
[SourceTitle "CBM 153 Extra"]
[Source "ChessBase"]
[SourceDate "2013.04.22"]
[SourceVersion "1"]
[SourceVersionDate "2013.04.22"]
[SourceQuality "1"]

1. e4 c6 2. d4 d5 3. exd5 cxd5 4. Bd3 Nc6 5. c3 Nf6 6. Bf4 Bg4 7. Qb3 Qd7 8. Nd2 e6 9. Ngf3 Be7 10. 0-0 0-0 11. Rae1 a6 12. Qc2 h6 13. h3 Bxf3 14. Nxf3 Bd6 15. Ne5 Qc7 16. Qe2 Nd7 17. Qh5 Nf6 18. Qh4 Nd7 19. Qg3 Bxe5 20. dxe5 Kh8 21. Qh4 Ndxe5 22. Bxh6 Nxd3 23. Bf4+ Kg8 24. Bxc7 Nxe1 25. Rxe1 Rac8 26. Bf4 Rfe8 27. Qg3 Ne7 28. Be5 Ng6 29. Bd4 Kh7 30. f4 1-0

[Event "Reykjavik op"]
[Site "Reykjavik"]
[Date "2013.02.21"]
[Round "4"]
[White "Kristinardottir, Elsa Maria"]
[Black "Murray, Michael A"]
[Result "0-1"]
[WhiteElo "1747"]
[BlackElo "2017"]
[PlyCount "76"]
[EventDate "2013.02.19"]
[EventType "swiss"]
[EventRounds "10"]
[EventCountry "ISL"]
[SourceTitle "CBM 153 Extra"]
[Source "ChessBase"]
[SourceDate "2013.04.22"]
[SourceVersion "1"]
[SourceVersionDate "2013.04.22"]
[SourceQuality "1"]

1. e4 Nc6 2. d4 e5 3. dxe5 Nxe5 4. f4 Ng6 5. Nf3 Bc5 6. Nc3 Nh6 7. Na4 Bb4+ 8. Bd2 Qe7 9. Bxb4 Qxb4+ 10. Nc3 Nxf4 11. Qd2 0-0 12. 0-0-0 Ne6 13. Bd3 d6 14. h3 Nc5 15. g4 Nxd3+ 16. Qxd3 f6 17. Nd5 Qa5 18. Qc4 Nf7 19. Nxc7 b5 20. Nxb5 Ba6 21. a4 Rac8 22. Qb3 Rb8 23. Rd5 Bb7 24. Rd4 a6 25. Qc3 Qd8 26. Na3 Qe7 27. Qd3 Rfe8 28. Re1 Kh8 29. Nc4 Bc6 30. b3 Ne5 31. Ncxe5 dxe5 32. Rd6 Qb7 33. g5 f5 34. Nd2 fxe4 35. Nxe4 Rec8 36. Rd1 Be8 37. Kd2 Bg6 38. Rd8+ Rxd8 0-1